书目信息 |
| 题名: |
王艮评传
|
|
| 作者: | 龚杰 著 | |
| 分册: | ||
| 出版信息: | 南京 南京大学出版社 2011.04 |
|
| 页数: | 319页 | |
| 开本: | 23cm | |
| 丛书名: | 中国思想家评传丛书 | |
| 单 册: | ||
| 中图分类: | B248.35 | |
| 科图分类: | ||
| 主题词: | ||
| 电子资源: | ||
| ISBN: | 978-7-305-06089-2 | |
| 000 | 01176nam 2200277 450 | |
| 001 | 012011237159 | |
| 005 | 20111205143125.50 | |
| 010 | @a978-7-305-06089-2@dCNY40.00 | |
| 100 | @a20111204d2011 em y0chiy0120 ea | |
| 101 | 0 | @achi |
| 102 | @aCN@b320000 | |
| 105 | @ac a 001yy | |
| 106 | @ar | |
| 200 | 1 | @a王艮评传@Awang gen ping chuan@f龚杰著@Fgong jie zhu |
| 210 | @a南京@c南京大学出版社@d2011.04 | |
| 215 | @a319页@c肖像@d23cm | |
| 225 | 2 | @a中国思想家评传丛书@Azhong guo si xiang jia ping chuan cong shu@e典藏版 |
| 312 | @a英文并列题名取自封底 | |
| 320 | @a有书目和索引 | |
| 330 | @a本书系统地总结了传主作为盐丁出身的思想家所经历的独特的学术生涯,从宏观和微观的社会、学术背景上,揭示其为争取和维护人的生存权和实现人的价值所进行的理论创造与实践肯定了传主对实学思潮所起的发蒙作用。本书还分章评论了传主所创作建的泰州学派及春后学的同异,以及泰州学派后学的代表人物宣传自由讲学、反对思想专制的言行,从而客观地、完整地展现出传主和泰州学派的风貌。 | |
| 410 | 0 | @12001 @a中国思想家评传丛书 |
| 600 | 0 | @a王艮,@Awang gen@f1483-1540@x评传 |
| 690 | @aB248.35@v4 | |
| 701 | 0 | @a龚杰@Agong jie@4著 |
| 801 | 0 | @aCN@bQSSK@c20111205 |
| 905 | @b795718@dB248.35@eW195@f1 | |
| 王艮评传/龚杰著.-南京:南京大学出版社,2011.04 |
| 319页:肖像;23cm.-(中国思想家评传丛书:典藏版) |
| ISBN 978-7-305-06089-2:CNY40.00 |
| 本书系统地总结了传主作为盐丁出身的思想家所经历的独特的学术生涯,从宏观和微观的社会、学术背景上,揭示其为争取和维护人的生存权和实现人的价值所进行的理论创造与实践肯定了传主对实学思潮所起的发蒙作用。本书还分章评论了传主所创作建的泰州学派及春后学的同异,以及泰州学派后学的代表人物宣传自由讲学、反对思想专制的言行,从而客观地、完整地展现出传主和泰州学派的风貌。 |
| ● |
| 相关链接 |
|
|
|
正题名:王艮评传
索取号:B248.35/W195
 
预约/预借
| 序号 | 登录号 | 条形码 | 馆藏地/架位号 | 状态 | 备注 |
| 1 | 795718 | 207957184 | 社科库509/509社科库 15排1列4层/ [索取号:B248.35/W195] | 在馆 |